[Event "U14 Polish Youth Championship"]
[Site "chess24.com"]
[Date "2018.05.04"]
[Round "8"]
[White "Koziorowicz, Michal"]
[Black "Skawinski, Szymon"]
[Result "0-1"]
[Board "13"]
[WhiteElo "1860"]
[WhiteCountry "POL"]
[WhiteFideId "21809194"]
[WhiteEloChange "-18"]
[BlackElo "1399"]
[BlackCountry "POL"]
[BlackFideId "21802149"]
[BlackEloChange "18"]

1. e4 {[%clk 1:30:59]} e5 {[%clk 1:30:55]} 2. Bc4 {[%clk 1:31:23]} Nf6 {[%clk
1:31:16]} 3. d3 {[%clk 1:31:47]} Nc6 {[%clk 1:31:32]} 4. Nc3 {[%clk 1:32:09]} Na5
{[%clk 1:31:35]} 5. Nge2 {[%clk 1:32:30]} d6 {[%clk 1:30:52]} 6. O-O {[%clk
1:31:04]} c6 {[%clk 1:29:08]} 7. f4 {[%clk 1:20:44]} Nxc4 {[%clk 1:27:53]} 8.
dxc4 {[%clk 1:21:01]} Qb6+ {[%clk 1:24:28]} 9. Kh1 {[%clk 1:21:22]} Ng4 {[%clk
1:18:51]} 10. Qe1 {[%clk 1:16:56]} h5 {[%clk 1:05:48]} 11. f5 {[%clk 1:09:15]}
Ne3 {[%clk 0:55:32]} 12. Bxe3 {[%clk 1:09:19]} Qxe3 {[%clk 0:55:58]} 13. Rd1
{[%clk 0:59:14]} Be7 {[%clk 0:53:01]} 14. Rf3 {[%clk 0:57:14]} Qh6 {[%clk
0:49:35]} 15. Nc1 {[%clk 0:45:21]} Bd7 {[%clk 0:44:43]} 16. Nd3 {[%clk 0:42:03]}
Qf6 {[%clk 0:40:56]} 17. Qf2 {[%clk 0:38:10]} b6 {[%clk 0:38:06]} 18. b4 {[%clk
0:34:28]} O-O {[%clk 0:35:17]} 19. b5 {[%clk 0:26:42]} Rac8 {[%clk 0:28:01]} 20.
Nb4 {[%clk 0:22:35]} Qg5 {[%clk 0:23:29]} 21. bxc6 {[%clk 0:19:32]} Bxc6 {[%clk
0:23:48]} 22. Nxc6 {[%clk 0:18:54]} Rxc6 {[%clk 0:24:12]} 23. Nd5 {[%clk
0:19:19]} Bf6 {[%clk 0:23:54]} 24. Qe2 {[%clk 0:16:49]} Qh6 {[%clk 0:18:28]} 25.
Nb4 {[%clk 0:12:12]} Rc5 {[%clk 0:16:01]} 26. Rxd6 {[%clk 0:12:32]} Qc1+ {[%clk
0:15:29]} 27. Rf1 {[%clk 0:11:55]} Qg5 {[%clk 0:15:35]} 28. Rd3 {[%clk 0:11:01]}
h4 {[%clk 0:14:51]} 29. Rd5 {[%clk 0:09:15]} Rfc8 {[%clk 0:14:04]} 30. Rxc5
{[%clk 0:08:25]} Rxc5 {[%clk 0:14:30]} 31. Rd1 {[%clk 0:08:26]} Ra5 {[%clk
0:10:54]} 32. c3 {[%clk 0:08:55]} Ra3 {[%clk 0:08:22]} 33. Nd5 {[%clk 0:09:14]}
Be7 {[%clk 0:07:32]} 34. Rf1 {[%clk 0:06:37]} Bc5 {[%clk 0:06:38]} 35. f6 {[%clk
0:06:38]} g6 {[%clk 0:06:58]} 36. Qb2 {[%clk 0:06:05]} Qg4 {[%clk 0:06:28]} 37.
Qd2 {[%clk 0:02:04]} h3 {[%clk 0:05:07]} 38. Ne7+ {[%clk 0:00:47]} Kh7 {[%clk
0:05:22]} 39. Rf3 {[%clk 0:00:37]} hxg2+ {[%clk 0:05:18]} 40. Qxg2 {[%clk
0:01:05]} Qxg2+ {[%clk 0:05:42]} 41. Kxg2 {[%clk 0:01:30]} Rxa2+ {[%clk 0:06:06]}
42. Kg3 {[%clk 0:01:57]} Re2 {[%clk 0:05:24]} 43. Nd5 {[%clk 0:01:23]} Rxe4
{[%clk 0:05:09]} 44. Kg2 {[%clk 0:01:16]} Rg4+ {[%clk 0:04:58]} 45. Kh3 {[%clk
0:01:05]} Rxc4 {[%clk 0:04:55]} 46. Kg2 {[%clk 0:01:25]} Rh4 {[%clk 0:04:51]} 47.
Rd3 {[%clk 0:01:00]} Rh5 {[%clk 0:04:34]} 48. Ne7 {[%clk 0:00:47]} e4 {[%clk
0:04:19]} 49. Rd8 {[%clk 0:01:16]} Re5 {[%clk 0:03:42]} 50. Rf8 {[%clk 0:00:50]}
Bxe7 {[%clk 0:03:07]} 51. Rxf7+ {[%clk 0:01:19]} Kg8 {[%clk 0:03:21]} 52. Rg7+
{[%clk 0:01:23]} Kf8 {[%clk 0:03:40]} 53. Rxg6 {[%clk 0:01:49]} Bc5 {[%clk
0:03:49]} 54. Kf1 {[%clk 0:01:54]} a5 {[%clk 0:03:46]} 55. Ke2 {[%clk 0:01:42]}
a4 {[%clk 0:04:10]} 56. Rg7 {[%clk 0:02:03]} a3 {[%clk 0:04:16]} 57. Ra7 {[%clk
0:02:28]} Rf5 {[%clk 0:04:31]} 58. h4 {[%clk 0:02:42]} Rxf6 {[%clk 0:04:33]} 59.
Ra4 {[%clk 0:03:07]} Rf2+ {[%clk 0:04:35]} 60. Ke1 {[%clk 0:03:16]} a2 {[%clk
0:04:53]} 0-1

[Event "U14 Polish Youth Championship"]
[Site "chess24.com"]
[Date "2018.05.04"]
[Round "8"]
[White "Jozefczyk, Szymon"]
[Black "Cwiek, Ryszard"]
[Result "0-1"]
[Board "14"]
[WhiteElo "1562"]
[WhiteCountry "POL"]
[WhiteFideId "21837171"]
[WhiteEloChange "-4"]
[BlackElo "1809"]
[BlackCountry "POL"]
[BlackFideId "21840920"]
[BlackEloChange "4"]

1. e4 {[%clk 1:30:57]} Nc6 {[%clk 1:30:38]} 2. d4 {[%clk 1:30:39]} e5 {[%clk
1:30:36]} 3. d5 {[%clk 1:30:32]} Nce7 {[%clk 1:29:52]} 4. Nf3 {[%clk 1:30:20]}
Ng6 {[%clk 1:29:06]} 5. h4 {[%clk 1:29:53]} h5 {[%clk 1:29:17]} 6. g3 {[%clk
1:28:05]} Bc5 {[%clk 1:27:06]} 7. Nc3 {[%clk 1:25:13]} d6 {[%clk 1:25:42]} 8. Be2
{[%clk 1:21:55]} Bg4 {[%clk 1:24:40]} 9. Nd2 {[%clk 1:14:45]} Bxe2 {[%clk
1:23:44]} 10. Qxe2 {[%clk 1:14:29]} Qd7 {[%clk 1:22:16]} 11. Nb3 {[%clk 1:10:01]}
Bb6 {[%clk 1:22:06]} 12. a4 {[%clk 1:07:22]} a5 {[%clk 1:20:38]} 13. Be3 {[%clk
1:01:05]} Bxe3 {[%clk 1:18:59]} 14. Qxe3 {[%clk 1:00:05]} N8e7 {[%clk 1:18:07]}
15. O-O-O {[%clk 0:53:54]} Nc8 {[%clk 1:16:14]} 16. Nd2 {[%clk 0:49:57]} Nb6
{[%clk 1:06:51]} 17. b3 {[%clk 0:48:21]} Qe7 {[%clk 1:06:00]} 18. Nf3 {[%clk
0:44:47]} Nd7 {[%clk 1:03:07]} 19. Ng5 {[%clk 0:36:58]} Nf6 {[%clk 0:57:39]} 20.
f3 {[%clk 0:34:23]} O-O {[%clk 0:53:26]} 21. Ne2 {[%clk 0:28:16]} Rfc8 {[%clk
0:50:47]} 22. c4 {[%clk 0:23:05]} c6 {[%clk 0:48:08]} 23. Kb2 {[%clk 0:21:03]}
Rcb8 {[%clk 0:41:51]} 24. Nc3 {[%clk 0:15:49]} Nd7 {[%clk 0:38:41]} 25. Ka2
{[%clk 0:14:16]} Nc5 {[%clk 0:38:34]} 26. f4 {[%clk 0:11:07]} exf4 {[%clk
0:33:01]} 27. gxf4 {[%clk 0:11:18]} Qf6 {[%clk 0:32:48]} 28. e5 {[%clk 0:05:31]}
Qxf4 {[%clk 0:31:10]} 29. Qxf4 {[%clk 0:05:44]} Nxf4 {[%clk 0:31:36]} 30. exd6
{[%clk 0:05:50]} f6 {[%clk 0:31:06]} 31. Nge4 {[%clk 0:03:43]} Nxe4 {[%clk
0:31:24]} 32. Nxe4 {[%clk 0:04:11]} cxd5 {[%clk 0:31:39]} 33. cxd5 {[%clk
0:03:45]} Re8 {[%clk 0:31:00]} 34. Rhe1 {[%clk 0:02:52]} b6 {[%clk 0:29:17]} 35.
d7 {[%clk 0:02:03]} Red8 {[%clk 0:28:23]} 36. Rf1 {[%clk 0:01:46]} Ng6 {[%clk
0:28:33]} 37. Rg1 {[%clk 0:02:05]} Kh7 {[%clk 0:28:51]} 38. Rc1 {[%clk 0:01:25]}
Rxd7 {[%clk 0:28:47]} 39. d6 {[%clk 0:01:49]} Re8 {[%clk 0:28:32]} 40. Rc7 {[%clk
0:01:14]} Red8 {[%clk 0:27:43]} 41. Rgc1 {[%clk 0:00:49]} Ne5 {[%clk 0:27:51]}
42. Rxd7 {[%clk 0:00:45]} Rxd7 {[%clk 0:28:18]} 43. Rf1 {[%clk 0:00:43]} Kg6
{[%clk 0:28:07]} 44. Kb1 {[%clk 0:00:38]} Nf7 {[%clk 0:28:11]} 45. Rg1+ {[%clk
0:00:47]} Kh7 {[%clk 0:28:14]} 46. Rd1 {[%clk 0:00:34]} f5 {[%clk 0:28:30]} 47.
Ng3 {[%clk 0:00:46]} g6 {[%clk 0:28:42]} 48. Kc2 {[%clk 0:00:41]} Rxd6 {[%clk
0:29:00]} 49. Re1 {[%clk 0:01:05]} Kg7 {[%clk 0:28:49]} 50. Re7 {[%clk 0:01:19]}
Kf6 {[%clk 0:28:45]} 51. Rb7 {[%clk 0:01:47]} Ne5 {[%clk 0:28:14]} 52. Ne2 {[%clk
0:01:40]} Nf3 {[%clk 0:27:37]} 53. Nc3 {[%clk 0:01:52]} Ke5 {[%clk 0:24:27]} 54.
Nb5 {[%clk 0:02:00]} Nd4+ {[%clk 0:21:30]} 55. Nxd4 {[%clk 0:02:08]} Kxd4 {[%clk
0:21:55]} 56. Re7 {[%clk 0:02:30]} Rf6 {[%clk 0:21:02]} 57. Rd7+ {[%clk 0:02:42]}
Ke4 {[%clk 0:21:21]} 58. Kd2 {[%clk 0:03:06]} Kf3 {[%clk 0:21:23]} 59. Rd3+
{[%clk 0:03:20]} Kg4 {[%clk 0:21:41]} 60. Rd4+ {[%clk 0:02:46]} f4 {[%clk
0:22:04]} 61. Ke2 {[%clk 0:03:00]} Kg3 {[%clk 0:21:15]} 62. b4 {[%clk 0:03:15]}
axb4 {[%clk 0:21:37]} 63. Rxb4 {[%clk 0:03:41]} f3+ {[%clk 0:21:45]} 64. Kf1
{[%clk 0:04:01]} Rc6 {[%clk 0:21:52]} 65. Rb1 {[%clk 0:04:27]} Rc2 {[%clk
0:21:51]} 66. a5 {[%clk 0:04:51]} bxa5 {[%clk 0:22:13]} 67. Ra1 {[%clk 0:05:12]}
a4 {[%clk 0:22:34]} 68. Kg1 {[%clk 0:05:30]} a3 {[%clk 0:22:42]} 69. Kf1 {[%clk
0:05:54]} a2 {[%clk 0:23:06]} 70. Re1 {[%clk 0:05:31]} Rb2 {[%clk 0:23:22]} 0-1

[Event "U14 Polish Youth Championship"]
[Site "chess24.com"]
[Date "2018.05.04"]
[Round "8"]
[White "Kacprzak, Karol"]
[Black "Iwaszkiewicz, Krzysztof"]
[Result "0-1"]
[Board "15"]
[WhiteElo "1794"]
[WhiteCountry "POL"]
[WhiteFideId "21819327"]
[WhiteEloChange "-16"]
[BlackElo "1530"]
[BlackCountry "POL"]
[BlackFideId "21810222"]
[BlackEloChange "16"]

1. e4 {[%clk 1:30:30]} c5 {[%clk 1:30:57]} 2. Nf3 {[%clk 1:30:54]} Nc6 {[%clk
1:31:21]} 3. d4 {[%clk 1:31:02]} cxd4 {[%clk 1:31:44]} 4. Nxd4 {[%clk 1:31:16]}
g6 {[%clk 1:32:08]} 5. Be3 {[%clk 1:30:24]} Nf6 {[%clk 1:32:28]} 6. Nc3 {[%clk
1:30:41]} Bg7 {[%clk 1:32:42]} 7. Bc4 {[%clk 1:30:32]} d6 {[%clk 1:33:02]} 8. h3
{[%clk 1:28:14]} O-O {[%clk 1:31:44]} 9. O-O {[%clk 1:28:02]} Bd7 {[%clk
1:19:35]} 10. Re1 {[%clk 1:21:33]} Rc8 {[%clk 1:11:53]} 11. Bb3 {[%clk 1:20:23]}
a6 {[%clk 1:09:31]} 12. Qe2 {[%clk 1:14:01]} Nxe4 {[%clk 1:02:01]} 13. Nxe4
{[%clk 1:14:23]} Nxd4 {[%clk 1:02:25]} 14. Bxd4 {[%clk 1:14:44]} Bxd4 {[%clk
1:02:32]} 15. c3 {[%clk 1:14:09]} Bg7 {[%clk 1:01:03]} 16. Rad1 {[%clk 1:14:13]}
Bb5 {[%clk 0:51:20]} 17. c4 {[%clk 0:50:57]} Bc6 {[%clk 0:49:11]} 18. f4 {[%clk
0:22:19]} Rc7 {[%clk 0:46:15]} 19. Rd2 {[%clk 0:50:19]} Rd7 {[%clk 0:44:42]} 20.
Kh1 {[%clk 0:49:13]} Qc7 {[%clk 0:41:33]} 21. h4 {[%clk 0:45:17]} Qa5 {[%clk
0:35:45]} 22. Ng3 {[%clk 0:43:42]} Bh6 {[%clk 0:35:15]} 23. Qg4 {[%clk 0:42:30]}
Qxd2 {[%clk 0:35:31]} 24. Re2 {[%clk 0:42:05]} Qxf4 {[%clk 0:35:51]} 25. Qh3
{[%clk 0:42:15]} Rc7 {[%clk 0:35:31]} 26. h5 {[%clk 0:42:35]} Bd7 {[%clk
0:35:30]} 27. Qh2 {[%clk 0:43:00]} Qc1+ {[%clk 0:35:40]} 28. Qg1 {[%clk 0:43:17]}
Qxg1+ {[%clk 0:36:03]} 29. Kxg1 {[%clk 0:43:46]} Bf4 {[%clk 0:35:57]} 30. Nf1
{[%clk 0:43:59]} Be5 {[%clk 0:35:54]} 31. hxg6 {[%clk 0:44:20]} hxg6 {[%clk
0:36:16]} 32. c5 {[%clk 0:44:47]} Rxc5 {[%clk 0:36:38]} 0-1

[Event "U14 Polish Youth Championship"]
[Site "chess24.com"]
[Date "2018.05.04"]
[Round "8"]
[White "Wolaniecki, Patryk"]
[Black "Majewski, Krzysztof"]
[Result "1/2-1/2"]
[Board "16"]
[WhiteElo "1762"]
[WhiteCountry "POL"]
[WhiteFideId "1193783"]
[WhiteEloChange "-5"]
[BlackElo "1555"]
[BlackCountry "POL"]
[BlackFideId "21800456"]
[BlackEloChange "5"]

1. e4 {[%clk 1:30:46]} e6 {[%clk 1:30:57]} 2. d4 {[%clk 1:31:11]} d5 {[%clk
1:31:24]} 3. exd5 {[%clk 1:31:29]} exd5 {[%clk 1:31:50]} 4. Bd3 {[%clk 1:31:55]}
Bd6 {[%clk 1:32:13]} 5. Nf3 {[%clk 1:32:15]} Ne7 {[%clk 1:32:38]} 6. O-O {[%clk
1:32:40]} Nbc6 {[%clk 1:32:55]} 7. Bg5 {[%clk 1:32:58]} f6 {[%clk 1:32:46]} 8.
Bh4 {[%clk 1:33:22]} O-O {[%clk 1:33:08]} 9. Bg3 {[%clk 1:33:49]} Nb4 {[%clk
1:32:54]} 10. Be2 {[%clk 1:31:11]} Bf5 {[%clk 1:32:45]} 11. Na3 {[%clk 1:31:35]}
Re8 {[%clk 1:31:03]} 12. c3 {[%clk 1:28:36]} Nbc6 {[%clk 1:31:21]} 13. Nc2 {[%clk
1:28:56]} Bxg3 {[%clk 1:31:32]} 14. hxg3 {[%clk 1:29:18]} Be6 {[%clk 1:28:43]}
15. Ne3 {[%clk 1:28:48]} Nf5 {[%clk 1:28:56]} 16. Nxf5 {[%clk 1:27:15]} Bxf5
{[%clk 1:29:24]} 17. Bd3 {[%clk 1:27:39]} Qd7 {[%clk 1:28:28]} 18. Qc2 {[%clk
1:27:37]} Bxd3 {[%clk 1:28:49]} 19. Qxd3 {[%clk 1:28:08]} a6 {[%clk 1:27:05]} 20.
Rfe1 {[%clk 1:23:52]} Rxe1+ {[%clk 1:27:03]} 21. Rxe1 {[%clk 1:24:21]} Re8 {[%clk
1:27:29]} 22. Re3 {[%clk 1:15:56]} Rxe3 {[%clk 1:27:24]} 23. Qxe3 {[%clk
1:16:25]} Qe7 {[%clk 1:27:37]} 24. Qf4 {[%clk 1:09:35]} Nd8 {[%clk 1:25:18]} 25.
g4 {[%clk 0:47:46]} Ne6 {[%clk 1:24:18]} 26. Qe3 {[%clk 0:47:14]} Kf7 {[%clk
1:23:40]} 27. Nh4 {[%clk 0:34:57]} Ng5 {[%clk 1:21:07]} 28. Qxe7+ {[%clk
0:35:09]} Kxe7 {[%clk 1:21:36]} 29. Nf5+ {[%clk 0:35:37]} Kf7 {[%clk 1:21:54]}
30. f3 {[%clk 0:35:46]} g6 {[%clk 1:22:01]} 31. Ne3 {[%clk 0:35:18]} c6 {[%clk
1:22:21]} 32. Kf2 {[%clk 0:34:49]} Ne6 {[%clk 1:22:36]} 33. Nc2 {[%clk 0:35:06]}
Nf4 {[%clk 1:22:46]} 34. Ne1 {[%clk 0:35:26]} Ke7 {[%clk 1:22:54]} 35. Ke3 {[%clk
0:35:50]} Ne6 {[%clk 1:23:15]} 36. Nd3 {[%clk 0:33:23]} Kd6 {[%clk 1:23:27]} 37.
f4 {[%clk 0:32:55]} Nc7 {[%clk 1:23:18]} 38. a3 {[%clk 0:31:38]} b6 {[%clk
1:23:21]} 39. Kf3 {[%clk 0:29:27]} c5 {[%clk 1:23:15]} 40. dxc5+ {[%clk 0:29:27]}
bxc5 {[%clk 1:23:29]} 41. Ke3 {[%clk 0:29:53]} Nb5 {[%clk 1:23:19]} 42. a4 {[%clk
0:27:18]} Na7 {[%clk 1:23:43]} 43. b4 {[%clk 0:23:18]} c4 {[%clk 1:23:45]} 44.
Ne1 {[%clk 0:22:25]} Nc8 {[%clk 1:23:22]} 45. Nc2 {[%clk 0:20:36]} Nb6 {[%clk
1:23:34]} 46. a5 {[%clk 0:20:30]} Na8 {[%clk 1:22:39]} 47. Nd4 {[%clk 0:20:36]}
Nc7 {[%clk 1:22:34]} 1/2-1/2

[Event "U14 Polish Youth Championship"]
[Site "chess24.com"]
[Date "2018.05.04"]
[Round "8"]
[White "Majdanski, Maksymilian"]
[Black "Kania, Dominik"]
[Result "0-1"]
[Board "17"]
[WhiteElo "1626"]
[WhiteCountry "POL"]
[WhiteFideId "21820570"]
[WhiteEloChange "-6"]
[BlackElo "1758"]
[BlackCountry "POL"]
[BlackFideId "21845204"]
[BlackEloChange "6"]

1. d4 {[%clk 1:30:57]} Nf6 {[%clk 1:30:54]} 2. c4 {[%clk 1:31:19]} g6 {[%clk
1:31:18]} 3. Nc3 {[%clk 1:31:28]} Bg7 {[%clk 1:31:43]} 4. Nf3 {[%clk 1:31:37]}
O-O {[%clk 1:32:03]} 5. g3 {[%clk 1:31:33]} d6 {[%clk 1:31:36]} 6. Bg2 {[%clk
1:31:38]} Nc6 {[%clk 1:31:00]} 7. O-O {[%clk 1:30:27]} e5 {[%clk 1:30:18]} 8. d5
{[%clk 1:14:05]} Ne7 {[%clk 1:29:31]} 9. Qc2 {[%clk 1:03:08]} Nh5 {[%clk
1:25:14]} 10. b4 {[%clk 1:01:31]} a5 {[%clk 1:24:59]} 11. Ba3 {[%clk 0:53:33]} h6
{[%clk 1:21:02]} 12. Rfd1 {[%clk 0:50:43]} f5 {[%clk 1:18:46]} 13. Rac1 {[%clk
0:46:54]} f4 {[%clk 1:16:05]} 14. c5 {[%clk 0:44:02]} g5 {[%clk 1:10:49]} 15.
cxd6 {[%clk 0:38:12]} cxd6 {[%clk 1:10:55]} 16. bxa5 {[%clk 0:35:05]} Rxa5 {[%clk
1:06:40]} 17. Bb4 {[%clk 0:34:43]} Ra6 {[%clk 1:06:46]} 18. Nb5 {[%clk 0:30:12]}
g4 {[%clk 0:58:08]} 19. Nd2 {[%clk 0:20:14]} fxg3 {[%clk 0:57:04]} 20. Nc4 {[%clk
0:19:41]} gxh2+ {[%clk 0:56:51]} 21. Kxh2 {[%clk 0:19:03]} Nf5 {[%clk 0:55:20]}
22. e4 {[%clk 0:17:15]} Nh4 {[%clk 0:49:09]} 23. Ncxd6 {[%clk 0:13:21]} Nf3+
{[%clk 0:45:45]} 24. Bxf3 {[%clk 0:13:22]} gxf3 {[%clk 0:46:02]} 25. Qxc8 {[%clk
0:06:15]} Qh4+ {[%clk 0:46:15]} 26. Kg1 {[%clk 0:06:02]} Rxc8 {[%clk 0:44:40]}
27. Rxc8+ {[%clk 0:06:26]} Kh7 {[%clk 0:44:28]} 28. Rd3 {[%clk 0:05:45]} Qh3
{[%clk 0:43:29]} 29. Rxf3 {[%clk 0:05:42]} Qxf3 {[%clk 0:43:54]} 30. Bd2 {[%clk
0:05:45]} Qd1+ {[%clk 0:43:36]} 0-1

[Event "U14 Polish Youth Championship"]
[Site "chess24.com"]
[Date "2018.05.04"]
[Round "8"]
[White "Wasik, Mateusz"]
[Black "Kietrys, Maciej"]
[Result "1-0"]
[Board "18"]
[WhiteElo "1624"]
[WhiteCountry "POL"]
[WhiteFideId "21867666"]
[WhiteEloChange "12"]
[BlackElo "1699"]
[BlackCountry "POL"]
[BlackFideId "21820732"]
[BlackEloChange "-12"]

1. d4 {[%clk 1:30:53]} d5 {[%clk 1:30:36]} 2. Bf4 {[%clk 1:30:50]} Nf6 {[%clk
1:30:27]} 3. e3 {[%clk 1:31:13]} e6 {[%clk 1:30:54]} 4. Nf3 {[%clk 1:31:32]} c5
{[%clk 1:31:17]} 5. c3 {[%clk 1:31:58]} Nc6 {[%clk 1:31:32]} 6. Nbd2 {[%clk
1:32:21]} Be7 {[%clk 1:31:37]} 7. Bd3 {[%clk 1:31:10]} c4 {[%clk 1:29:17]} 8. Bc2
{[%clk 1:30:16]} b5 {[%clk 1:28:30]} 9. O-O {[%clk 1:26:54]} Nd7 {[%clk 1:19:44]}
10. e4 {[%clk 1:25:01]} Nb6 {[%clk 1:18:57]} 11. Re1 {[%clk 1:24:09]} Bb7 {[%clk
1:13:46]} 12. exd5 {[%clk 1:23:56]} Nxd5 {[%clk 1:13:15]} 13. Bg3 {[%clk
1:24:04]} a5 {[%clk 1:05:31]} 14. Qb1 {[%clk 1:17:49]} g6 {[%clk 1:01:40]} 15. a4
{[%clk 1:17:10]} Ba6 {[%clk 0:56:12]} 16. axb5 {[%clk 1:16:08]} Bxb5 {[%clk
0:56:35]} 17. Ba4 {[%clk 1:15:31]} Qb6 {[%clk 0:55:19]} 18. Qc2 {[%clk 1:09:29]}
h5 {[%clk 0:54:12]} 19. h4 {[%clk 1:08:03]} Ra7 {[%clk 0:53:12]} 20. Ne5 {[%clk
1:00:26]} Nxe5 {[%clk 0:47:59]} 21. Bxe5 {[%clk 1:00:37]} Rg8 {[%clk 0:46:57]}
22. Nxc4 {[%clk 1:00:42]} Qc6 {[%clk 0:46:24]} 23. Bxb5 {[%clk 0:56:30]} Qxb5
{[%clk 0:46:45]} 24. Qa4 {[%clk 0:55:23]} Qxa4 {[%clk 0:46:30]} 25. Rxa4 {[%clk
0:55:47]} Bd8 {[%clk 0:46:47]} 26. g3 {[%clk 0:54:13]} f6 {[%clk 0:45:30]} 27.
Bd6 {[%clk 0:52:34]} Kd7 {[%clk 0:45:31]} 28. Bc5 {[%clk 0:52:55]} Rb7 {[%clk
0:45:25]} 29. Re2 {[%clk 0:51:48]} Nb6 {[%clk 0:39:38]} 30. Nxb6+ {[%clk
0:51:02]} Bxb6 {[%clk 0:40:00]} 31. Bxb6 {[%clk 0:51:27]} Rxb6 {[%clk 0:40:22]}
32. Rxa5 {[%clk 0:51:54]} Rgb8 {[%clk 0:40:20]} 33. b4 {[%clk 0:41:43]} Kd6
{[%clk 0:40:05]} 34. Kg2 {[%clk 0:40:56]} Rc6 {[%clk 0:38:39]} 35. Rxe6+ {[%clk
0:36:10]} Kxe6 {[%clk 0:39:01]} 36. d5+ {[%clk 0:36:35]} Kd6 {[%clk 0:39:27]} 37.
dxc6 {[%clk 0:36:59]} Kxc6 {[%clk 0:39:38]} 38. Ra6+ {[%clk 0:36:57]} Kb5 {[%clk
0:39:45]} 39. Rxf6 {[%clk 0:37:15]} Rg8 {[%clk 0:40:12]} 40. Kh3 {[%clk 0:37:25]}
g5 {[%clk 0:40:17]} 41. Rf5+ {[%clk 0:37:38]} Kc4 {[%clk 0:40:39]} 42. Rxg5
{[%clk 0:37:59]} Rf8 {[%clk 0:41:02]} 43. Rc5+ {[%clk 0:38:21]} Kd3 {[%clk
0:41:22]} 44. Kg2 {[%clk 0:38:34]} Ke2 {[%clk 0:41:42]} 45. f4 {[%clk 0:38:55]}
Kd3 {[%clk 0:42:09]} 46. Kf3 {[%clk 0:39:19]} Re8 {[%clk 0:42:36]} 47. Re5 {[%clk
0:39:44]} Rg8 {[%clk 0:42:57]} 48. Rxh5 {[%clk 0:39:45]} Kxc3 {[%clk 0:43:23]}
49. b5 {[%clk 0:40:09]} Kc4 {[%clk 0:43:47]} 50. b6 {[%clk 0:40:31]} Rb8 {[%clk
0:44:13]} 51. Rh6 {[%clk 0:40:55]} Kc5 {[%clk 0:44:40]} 52. Kg4 {[%clk 0:41:15]}
Rg8+ {[%clk 0:45:02]} 53. Kf3 {[%clk 0:41:23]} Rb8 {[%clk 0:45:28]} 54. h5 {[%clk
0:41:47]} Kb5 {[%clk 0:45:44]} 55. Kg4 {[%clk 0:42:10]} Ka6 {[%clk 0:46:10]} 56.
Rg6 {[%clk 0:42:28]} Rh8 {[%clk 0:46:35]} 57. Kg5 {[%clk 0:42:53]} Kb7 {[%clk
0:46:55]} 58. h6 {[%clk 0:43:14]} Ka6 {[%clk 0:47:13]} 59. f5 {[%clk 0:43:22]}
Kb7 {[%clk 0:47:34]} 60. f6 {[%clk 0:43:12]} 1-0